000 00378nam a2200157Ia 4500
008 210210b1938 xxu||||| |||| 00| 0 eng d
041 _aeng
082 _a825/819
100 _aSRINIVASA (Iyengar K R)
245 _aLytton Strachey
260 _aBombay
_bAllied Publishers
_c1938
650 _aStrachey
650 _aLytton
690 _aEnglish Criticism
906 _a015134
999 _c134452
_d134452